000 01032nam a22002537a 4500
003 BD-DhSAU
005 20181217144440.0
008 160720b2014 bg ||||| |||| 001 0 eng d
040 _aBD-DhSAU
082 _222
_a595.7
_bH7949
100 _a Hossain, Md. Bellal
_eRegistration # 13-05762
245 _aSurvey the major insect pests and their management in different nurseries of greater dhaka city /
_bMS thesis
260 _aSher-e-Bangla Agricultural University :
_bSher-e-Bangla Agricultural University :
_c2014
300 _avi, 52 p. :
_bill. ;
_c30 cm.
500 _aMS thesis of Department of Entomology, Faculty of Agriculture, Sher-e-Bangla Agricultural University, Dhaka, Bangladesh
590 _aMd. Sirajul Islam
650 _aEntomology
650 _aSurvey
650 _aInsect
700 _aRahman, Md. Mizanur
_eSuperviser
700 _aHossain, Mohammed Sakhawat
_eCo-Superviser
856 _uhttp://archive.saulibrary.edu.bd:8080/xmlui/handle/123456789/1493
_yOnline Access
942 _2ddc
_cTHESIS
999 _c13451
_d13450